Las 100 mejores actrices de Mexico - Estadísticas

Estadísticas generales
  • Esta prueba ha sido intentada 152 veces
  • La puntuación promedio es 17 de 100
Estadísticas de respuestas
Hint Respuesta % Correcto
2 Maria Felix
58%
4 Silvia Pinal
57%
94 Salma Hayek
49%
31 Angelique Boyer
47%
47 Veronica Castro
46%
34 Victoria Ruffo
44%
1 Dolores del Rio
42%
24 Lucero
42%
37 Angelica Maria
38%
46 Angelica Vale
37%
40 Edith Gonzalez
32%
36 Lucia Mendez
32%
89 Adela Noriega
31%
64 Ana Martin
29%
87 Erika Buenfil
28%
30 Barbara Mori
27%
18 Helena Rojo
27%
68 Ana de la Reguera
26%
27 Angelica Rivera
26%
86 Diana Bracho
26%
60 Florinda Meza
26%
88 Leticia Calderon
26%
52 Maria Antonieta de las Nieves
26%
5 Sara Garcia
26%
51 Cecilia Suarez
24%
63 Ludwika Paleta
24%
66 Martha Higareda
24%
41 Chantal Andere
23%
29 Karla Souza
22%
8 Marga Lopez
21%
11 Miroslava
21%
19 Silvia Pasquel
21%
32 Daniela Castro
20%
50 Daniela Romo
20%
26 Maria Rubio
20%
55 Jacqueline Andere
19%
17 Maria Sorte
19%
71 Regina Blandon
19%
35 Aislin Derbez
18%
67 Ana Claudia Talancon
17%
33 Angelica Aragon
17%
9 Angelines Fernandez
16%
100 Cinthya Klitbo
16%
85 Zuria Vega
16%
56 Jacqueline Bracamontes
14%
54 Libertad Lamarque
14%
22 Silvia Derbez
14%
57 Susana Zabaleta
14%
39 Alejandra Barros
13%
99 Azela Robinson
13%
43 Elsa Aguirre
13%
70 Fernanda Castillo
13%
10 Lupe Velez
13%
3 Prudencia Grifel
13%
42 Yadhira Carrillo
13%
45 Carmen Montejo
12%
7 Evangelina Elizondo
12%
44 Katy Jurado
12%
90 Leticia Perdigon
12%
16 Maria Rojo
12%
84 Rebeca Jones
11%
14 Rosa Gloria Chagoyan
11%
69 Ana Serradilla
10%
49 Anette Michel
10%
79 Arcelia Ramirez
10%
6 Blanca Esthela Pavon
10%
15 Patricia Reyes Spindola
10%
74 Ilse Salas
9%
73 Irene Azuela
9%
20 Maria Teresa Rivas
9%
23 Maricruz Olivier
9%
81 Vanessa Guzman
9%
72 Blanca Guerra
8%
58 Nailea Norvind
8%
75 Ofelia Medina
8%
53 Ana Bertha Lepe
7%
28 Andrea Noli
7%
59 Delia Casanova
7%
98 Isela Vega
7%
13 Maria Eugenia Llamas
7%
12 Ninon Sevilla
7%
97 Norma Angelica
7%
80 Rosa Maria Bianchi
7%
38 Iran Eory
6%
77 Lucha Villa
6%
61 Luz Maria Aguilar
6%
93 Regina Orozco
6%
25 Susana Dosamantes
6%
83 Zaide Silvia Gutierrez
6%
65 Ana Berha Espin
4%
91 Ana Ofelia Murguia
4%
78 Adriana Barraza
3%
76 Alma Muriel
3%
48 Marina de Tavira
3%
21 Saby Kamalich
3%
95 Socorro Bonilla
3%
82 Vanessa Bauche
3%
92 Margarita Sanz
2%
62 Lilia Aragon
1%
96 Julieta Egurrola
0%
No se encontraron pruebas coincidentes
Distribución de puntuación
Porcentaje de gente con cada puntuación
Porcentaje por número respondido
Historial de tus puntuaciones
No has intentado esta prueba.